Danish Kings - Statistics

General Stats
  • This quiz has been taken 59 times
  • The average score is 37 of 56
Answer Stats
Reign King % Correct
1448-1481 Christian I
100%
1513-1523 Christian II
100%
1534-1559 Christian III
100%
1588-1648 Christian IV
100%
1863-1906 Christian IX
100%
1670-1699 Christian V
100%
1730-1746 Christian VI
100%
1766-1808 Christian VII
100%
1839-1848 Christian VIII
100%
1912-1947 Christian X
100%
1523-1533 Frederick I
100%
1559-1588 Frederick II
100%
1648-1670 Frederick III
100%
1699-1730 Frederick IV
100%
1746-1766 Frederick V
100%
1808-1839 Frederick VI
100%
1848-1863 Frederick VII
100%
1947-1972 Frederik IX
100%
1906-1912 Frederik VIII
100%
2024-Present Frederik X
100%
964-986 Harald I Bluetooth
84%
1076-1080 Harald III the Soft
81%
104-1018 Harald II Svendsen
81%
936-964 Gorm the Old
65%
1972-2024 Margrethe II
62%
1326-1329 Valdemar III
54%
1202-1241 Valdemar II the Victorious
54%
1154-1182 Valdemar I the Great
54%
1340-1375 Valdemar IV Atterdag
54%
1321-1326 Eric
51%
1329-1332 Eric
51%
1095-1103 Eric I Evergood
51%
1137-1146 Eric III Lamb
51%
1134-1137 Eric II the Memorable
51%
1232-1250 Eric IV Ploughpenny
51%
1412-1439 Eric VII
51%
1286-1319 Eric VI Menved
51%
1259-1286 Eric V Klipping
51%
1481-1513 John
49%
1035-1042 Cnut III
43%
1019-1035 Cnut II the Great
43%
1080-1086 Cnut IV the Holy
43%
1170-1202 Cnut VI
43%
1086-1095 Olaf I Hunger
43%
1376-1387 Olaf II
43%
1387-1412 Margaret I
41%
1252-1259 Christopher I
38%
1320-1326 Christopher II
38%
1329-1332 Christopher II
38%
1440-1448 Christopher III
38%
986-1014 Sweyn I Forkbeard
38%
1047-1076 Sweyn II Estridsson
38%
1146-1157 Sweyn III Grathe
38%
1042-1047 Magnus the Good
32%
1104-1134 Niels
24%
1250-1252 Abel
22%
No matching quizzes found
Score Distribution
Percent of People with Each Score
Percentile by Number Answered
Your Score History
You have not taken this quiz